[Event "Nova Gorica op-A 26th"]
[Site "Nova Gorica"]
[Date "2022.09.19"]
[Round "6"]
[White "Both, Aaron"]
[Black "Hellsten, Uffe"]
[Result "1-0"]
[WhiteElo "1963"]
[BlackElo "1732"]
[PlyCount "41"]
[EventDate "2022.09.16"]
[EventType "swiss"]
[EventRounds "9"]
[EventCountry "SLO"]
[SourceTitle "CBM 210 Extra"]
[Source "ChessBase"]
[SourceDate "2022.11.30"]
[SourceVersion "1"]
[SourceVersionDate "2022.11.30"]
[SourceQuality "1"]

1. e4 e6 2. d4 d5 3. e5 c5 4. c3 Nc6 5. Nf3 Bd7 6. Be3 Nge7 7. Bd3 cxd4 8. cxd4 Nb4 9. Be2 Nf5 10. a3 Nc6 11. Nc3 Nxe3 12. fxe3 Qb6 13. 0-0 a5 14. Ng5 Nxe5 15. Na4 Qa7 16. Qb3 f6 17. Nxe6 Bxe6 18. dxe5 fxe5 19. Nb6 Bc5 20. Qb5+ Kd8 21. Qxc5 1-0

[Event "Nova Gorica op-A 26th"]
[Site "Nova Gorica"]
[Date "2022.09.17"]
[Round "2"]
[White "Both, Aaron"]
[Black "Cokan, Mirko"]
[Result "1-0"]
[WhiteElo "1963"]
[BlackElo "1683"]
[PlyCount "73"]
[EventDate "2022.09.16"]
[EventType "swiss"]
[EventRounds "9"]
[EventCountry "SLO"]
[SourceTitle "CBM 210 Extra"]
[Source "ChessBase"]
[SourceDate "2022.11.30"]
[SourceVersion "1"]
[SourceVersionDate "2022.11.30"]
[SourceQuality "1"]

1. e4 Nc6 2. d4 e5 3. d5 Nce7 4. h4 h5 5. Bg5 f6 6. Be3 d6 7. Be2 g6 8. c4 Bh6 9. Bxh6 Nxh6 10. Nc3 0-0 11. Qd2 Kg7 12. Nh3 f5 13. 0-0-0 b6 14. f3 f4 15. Rdg1 Bxh3 16. Rxh3 Qd7 17. g4 Kh7 18. Rh2 Rf7 19. Bf1 Qd8 20. Bh3 Qf8 21. gxh5 gxh5 22. Rhg2 Qh8 23. Be6 Rf6 24. Rg5 Rg6 25. Qg2 Qf6 26. Nb5 Rag8 27. Bxg8+ Rxg8 28. Rxg8 Nexg8 29. Nxc7 Ng4 30. fxg4 f3 31. g5 Qf4+ 32. Qd2 f2 33. Rf1 Qxh4 34. Qxf2 Qxg5+ 35. Kb1 Nh6 36. Ne6 Qg4 37. Ka1 1-0

[Event "Montreal op"]
[Site "Montreal"]
[Date "2019.09.07"]
[Round "3"]
[White "Tanaka, Taira Tyler"]
[Black "Both, Aaron"]
[Result "1-0"]
[WhiteElo "2073"]
[BlackElo "1979"]
[PlyCount "65"]
[EventDate "2019.09.06"]
[EventType "swiss"]
[EventRounds "5"]
[EventCountry "CAN"]
[SourceTitle "EXT 2020"]
[Source "ChessBase"]
[SourceDate "2019.10.17"]
[SourceVersion "1"]
[SourceVersionDate "2019.10.17"]
[SourceQuality "1"]

1. e4 c5 2. Nf3 e6 3. d4 cxd4 4. Nxd4 a6 5. c4 Nf6 6. Nc3 Bb4 7. Qd3 Nc6 8. Nxc6 dxc6 9. Qxd8+ Kxd8 10. Bd2 e5 11. 0-0-0 Ke7 12. Nd5+ Nxd5 13. cxd5 Bxd2+ 14. Kxd2 cxd5 15. exd5 Rd8 16. Ke3 f5 17. f4 e4 18. Kd4 Kf6 19. Rc1 Bd7 20. Bc4 Be8 21. Bb3 Rd6 22. Rc7 Rad8 23. Rhc1 Bf7 24. R1c5 Rb6 25. Rc8 Rdd6 26. R5c7 e3 27. Rf8 e2 28. Rfxf7+ Kg6 29. Rxg7+ Kh6 30. Rxh7+ Kg6 31. Rcg7+ Kf6 32. g4 Rb4+ 33. Kc5 1-0

[Event "Harrogate 4NCL op-B 21st"]
[Site "Harrogate"]
[Date "2019.01.20"]
[Round "5"]
[White "Almazedi, Firas"]
[Black "Both, Aaron"]
[Result "0-1"]
[WhiteElo "1836"]
[BlackElo "1983"]
[PlyCount "76"]
[EventDate "2019.01.18"]
[EventType "swiss"]
[EventRounds "5"]
[EventCountry "ENG"]
[SourceTitle "CBM 188 Extra"]
[Source "ChessBase"]
[SourceDate "2019.02.26"]
[SourceVersion "1"]
[SourceVersionDate "2019.02.26"]
[SourceQuality "1"]

1. c4 Nc6 2. Nc3 e5 3. g3 Bb4 4. Bg2 Bxc3 5. bxc3 f5 6. d3 Nf6 7. e3 0-0 8. Ne2 d6 9. 0-0 Qe8 10. f4 e4 11. Nd4 Na5 12. Nb3 Nc6 13. d4 Qf7 14. Qe2 a5 15. a4 b6 16. d5 Ne7 17. Ba3 Ba6 18. Nd4 Nfxd5 19. Nb5 Bxb5 20. cxb5 Nxc3 21. Qc2 Ncd5 22. Rfe1 Rac8 23. Bf1 Qh5 24. Bc4 Kh8 25. Qd2 Nf6 26. Bb2 d5 27. Bf1 c5 28. bxc6 Nxc6 29. Bxf6 Rxf6 30. Qxd5 Rd8 31. Qc4 Nb4 32. Be2 Qe8 33. Red1 Rc8 34. Qb3 Rc2 35. Bb5 Qc8 36. Bd7 Qc5 37. Bb5 Nd3 38. Bxd3 Qxe3+ 0-1

[Event "Harrogate 4NCL op-B 21st"]
[Site "Harrogate"]
[Date "2019.01.19"]
[Round "3"]
[White "Both, Aaron"]
[Black "Chan, Sheng Liang Bernard"]
[Result "1/2-1/2"]
[WhiteElo "1983"]
[BlackElo "1755"]
[PlyCount "105"]
[EventDate "2019.01.18"]
[EventType "swiss"]
[EventRounds "5"]
[EventCountry "ENG"]
[SourceTitle "CBM 188 Extra"]
[Source "ChessBase"]
[SourceDate "2019.02.26"]
[SourceVersion "1"]
[SourceVersionDate "2019.02.26"]
[SourceQuality "1"]

1. e4 e5 2. Nf3 Nf6 3. Nxe5 d6 4. Nf3 Nxe4 5. Nc3 Nxc3 6. dxc3 Be7 7. Be3 Be6 8. Nd4 Bd7 9. Qf3 Nc6 10. 0-0-0 0-0 11. Bd3 Bf6 12. h4 Qc8 13. Qe4 g6 14. h5 Nxd4 15. Bxd4 Bf5 16. Qf4 Bxd4 17. cxd4 Bxd3 18. Rxd3 Qe6 19. Qh6 g5 20. Qxg5+ Kh8 21. d5 Qe5 22. Qd2 Rae8 23. Re3 Qg5 24. Qd4+ f6 25. g4 Rxe3 26. fxe3 Re8 27. Rh3 Re5 28. c4 f5 29. gxf5 Qxf5 30. Qh4 Qf1+ 31. Kd2 Rf5 32. Qd4+ Re5 33. Rh2 b5 34. Qxa7 bxc4 35. Qb8+ Kg7 36. Qxc7+ Kh8 37. Qd8+ Kg7 38. Qd7+ Kh8 39. Qc8+ Kg7 40. Qb7+ Kh8 41. Re2 Qf3 42. Qb8+ Kg7 43. h6+ Kf7 44. Qc7+ Ke8 45. Qxh7 Rxd5+ 46. Kc3 Rd3+ 47. Kb4 Qxe2 48. Qg8+ Ke7 49. Qg7+ Ke6 50. h7 Qd2+ 51. Ka4 Qc2+ 52. Kb4 Qd2+ 53. Ka4 1/2-1/2

[Event "Harrogate 4NCL op-B 21st"]
[Site "Harrogate"]
[Date "2019.01.19"]
[Round "2"]
[White "Slinger, Tony J"]
[Black "Both, Aaron"]
[Result "1-0"]
[WhiteElo "1846"]
[BlackElo "1983"]
[PlyCount "87"]
[EventDate "2019.01.18"]
[EventType "swiss"]
[EventRounds "5"]
[EventCountry "ENG"]
[SourceTitle "CBM 188 Extra"]
[Source "ChessBase"]
[SourceDate "2019.02.26"]
[SourceVersion "1"]
[SourceVersionDate "2019.02.26"]
[SourceQuality "1"]

1. e4 c5 2. Nf3 e6 3. d3 Nc6 4. g3 d5 5. Nbd2 Nf6 6. Bg2 Be7 7. 0-0 0-0 8. e5 Ng4 9. Re1 Qc7 10. Qe2 f6 11. exf6 Bxf6 12. c3 Bd7 13. h3 Nge5 14. Nxe5 Nxe5 15. Nf3 Ng6 16. Bg5 Rae8 17. Bxf6 gxf6 18. Nh2 Qd6 19. d4 e5 20. dxc5 Qxc5 21. Qd2 Bc6 22. b4 Qd6 23. b5 Bxb5 24. Qxd5+ Qxd5 25. Bxd5+ Kg7 26. Bxb7 Rb8 27. Bd5 f5 28. c4 Ba4 29. Rab1 Bc2 30. Rxb8 Rxb8 31. Nf3 Kf6 32. Rc1 Bd3 33. Ne1 Bb1 34. c5 Ne7 35. Bb3 Be4 36. Rd1 Nc6 37. f3 Nd4 38. fxe4 fxe4 39. Kf2 Kg5 40. Ke3 Rb4 41. Nc2 Nf5+ 42. Kf2 Rb5 43. Rd5 Kf6 44. c6 1-0

[Event "Krk Golden Island op 3rd"]
[Site "Malinska"]
[Date "2015.10.20"]
[Round "5"]
[White "Kalajzic, Ivan"]
[Black "Both, Aaron"]
[Result "1-0"]
[WhiteElo "2144"]
[BlackElo "1860"]
[PlyCount "45"]
[EventDate "2015.10.17"]
[EventType "swiss"]
[EventRounds "9"]
[EventCountry "CRO"]
[SourceTitle "CBM 168 Extra"]
[Source "ChessBase"]
[SourceDate "2015.10.29"]
[SourceVersion "1"]
[SourceVersionDate "2015.10.29"]
[SourceQuality "1"]

1. d4 Nf6 2. Nc3 d5 3. Bg5 Bf5 4. f3 Nbd7 5. Nxd5 Nxd5 6. e4 h6 7. Bh4 Ne3 8. Qd3 Nxf1 9. exf5 c5 10. Kxf1 Qb6 11. Ne2 Rg8 12. Qb3 Qa6 13. Bf2 c4 14. Qe3 Qb5 15. g4 Qxb2 16. Kg2 Qxc2 17. Nf4 Nb6 18. a4 Rd8 19. Rhc1 Qb3 20. Qe4 Nxa4 21. Rab1 Nc3 22. Rxc3 Qxc3 23. Rxb7 1-0

[Event "Krk Golden Island op 3rd"]
[Site "Malinska"]
[Date "2015.10.17"]
[Round "1"]
[White "Chkhaidze, Nikoloz"]
[Black "Both, Aaron"]
[Result "1-0"]
[WhiteElo "2323"]
[BlackElo "1860"]
[PlyCount "69"]
[EventDate "2015.10.17"]
[EventType "swiss"]
[EventRounds "9"]
[EventCountry "CRO"]
[SourceTitle "CBM 168 Extra"]
[Source "ChessBase"]
[SourceDate "2015.10.29"]
[SourceVersion "1"]
[SourceVersionDate "2015.10.29"]
[SourceQuality "1"]

1. e4 c5 2. Nf3 e6 3. d4 cxd4 4. Nxd4 a6 5. Bd3 Qc7 6. 0-0 Nf6 7. Qe2 d6 8. c4 g6 9. Nc3 Bg7 10. Nf3 Nc6 11. h3 0-0 12. Bf4 Nd7 13. Rac1 Nde5 14. Rfd1 Nxf3+ 15. Qxf3 Nd4 16. Qg3 e5 17. Be3 Be6 18. f4 exf4 19. Qxf4 f5 20. Nd5 Qf7 21. Qxd6 Bxd5 22. exd5 Rfe8 23. Qf4 Re4 24. Qf2 Rxe3 25. Qxe3 f4 26. Qf2 Re8 27. Re1 Rf8 28. Rcd1 Qf6 29. Be4 g5 30. c5 h5 31. Bf3 Nxf3+ 32. Qxf3 Qxb2 33. d6 Bd4+ 34. Kh1 Bxc5 35. Qd5+ 1-0

[Event "CAN-ch Amateur U2100"]
[Site "Kitchener"]
[Date "2010.08.02"]
[Round "7"]
[White "Piccinin, Mario"]
[Black "Both, Aaron"]
[Result "0-1"]
[WhiteElo "1768"]
[BlackElo "2009"]
[PlyCount "136"]
[EventDate "2010.07.30"]
[EventType "swiss"]
[EventRounds "7"]
[EventCountry "CAN"]
[SourceTitle "EXT 2022"]
[Source "ChessBase"]
[SourceDate "2021.10.06"]
[SourceVersion "1"]
[SourceVersionDate "2021.10.06"]
[SourceQuality "1"]

1. f4 Nc6 2. Nf3 Nf6 3. d4 d5 4. e3 a6 5. a3 Bg4 6. Nbd2 e6 7. Bd3 Bd6 8. h3 Bh5 9. g4 Bg6 10. Qe2 Ne4 11. Qg2 Be7 12. h4 h5 13. g5 Nxd2 14. Bxd2 Bxd3 15. cxd3 Bd6 16. Rc1 Qd7 17. Ne5 Bxe5 18. dxe5 0-0-0 19. d4 Kb8 20. 0-0 Rhg8 21. Qe2 f6 22. Kh2 Ne7 23. Kh3 Nf5 24. b3 fxe5 25. fxe5 g6 26. a4 Rc8 27. Qd1 c5 28. Rf4 cxd4 29. exd4 Rxc1 30. Bxc1 Rc8 31. Bb2 Rc6 32. Qd3 Qc7 33. Rf2 Qb6 34. Rd2 Qb4 35. Rd1 Rb6 36. a5 Qxa5 37. Bc3 Qa2 38. b4 Rc6 39. Ra1 Qb3 40. Rc1 Rc4 41. b5 Rxd4 42. Qb1 Qxb1 43. Rxb1 Rd3+ 44. Kh2 Rxc3 45. bxa6 d4 46. Rxb7+ Ka8 47. Rd7 d3 48. Kg1 Nxh4 49. Kf2 Rc2+ 50. Ke1 Nf3+ 51. Kd1 Nxe5 52. Rd6 Nc4 53. Rxd3 Rd2+ 54. Rxd2 Nxd2 55. Kxd2 Ka7 56. Ke3 Kxa6 57. Ke4 Kb5 58. Ke5 Kc5 59. Kxe6 h4 60. Kf6 h3 61. Kxg6 h2 62. Kf7 h1Q 63. g6 Qf3+ 64. Kg8 Kd6 65. g7 Ke7 66. Kh7 Qh5+ 67. Kg8 Qg6 68. Kh8 Kf7 0-1

[Event "CAN-ch Amateur U2100"]
[Site "Kitchener"]
[Date "2010.07.31"]
[Round "3"]
[White "Both, Aaron"]
[Black "Siddeley, Hugh"]
[Result "0-1"]
[WhiteElo "2009"]
[BlackElo "2051"]
[PlyCount "46"]
[EventDate "2010.07.30"]
[EventType "swiss"]
[EventRounds "7"]
[EventCountry "CAN"]
[SourceTitle "EXT 2022"]
[Source "ChessBase"]
[SourceDate "2021.10.06"]
[SourceVersion "1"]
[SourceVersionDate "2021.10.06"]
[SourceQuality "1"]

1. e4 e6 2. d4 d5 3. e5 c5 4. c3 Nc6 5. Nf3 Bd7 6. Be2 Nh6 7. 0-0 cxd4 8. Bxh6 gxh6 9. cxd4 Bg7 10. Nc3 0-0 11. Qd2 f6 12. exf6 Qxf6 13. Rad1 Be8 14. Qe3 Bg6 15. a3 a6 16. Na4 Bc2 17. Nc5 Bxd1 18. Rxd1 Rf7 19. Bd3 e5 20. dxe5 Nxe5 21. Nd4 Ng4 22. Qe6 Qxf2+ 23. Kh1 Qxd4 0-1